Voies de la recherche macroéconomique

Uložené v:
Podrobná bibliografia
Hlavný autor: Malinvaud, Edmond
Médium: Kniha
Jazyk:French
Vydavateľské údaje: Paris Éditions Odile Jacob 1991
Predmet:
Tagy: Pridať tag
Žiadne tagy, Buďte prvý, kto otaguje tento záznam!

MARC

LEADER 00000nam$a2200000$$$4500
001 0112945
005 20221207103905.2
020 |a 2-7381-0113-5 
041 0 |a fre 
044 |a FR 
245 1 0 |a Voies de la recherche macroéconomique  |c Edmond Malinvaud 
264 1 |a Paris  |b Éditions Odile Jacob  |c 1991 
300 |a 507 s. 
610 2 0 |a makroekonomika 
610 2 0 |a ekonomika sociálna 
610 2 0 |a výskum 
610 2 0 |a teórie ekonomické 
610 2 0 |a rovnováha 
610 2 0 |a nerovnováha hospodárska 
610 2 0 |a ekonometria 
610 2 0 |a modely 
100 1 |a Malinvaud, Edmond